000 00849cam a22002294a 4500
005 20250605164249.0
008 250528s ||||||||||||||||||||||||d
035 _a21647
020 _a9781465351524
040 _aGR-AtMCL
_bgre
_dGR-AtMCL
_eAACR2
245 1 _aLEADERSHIP TODAY
250 _a1
260 _c2011
300 _a130
505 0 _aABOUT LEADERSHIP SEARCHING FOR LEADERSHIP LEADERSHIP VS MANAGEMENT COMMUNICATION AND LEADERSHIP DEVELOMPENT OF A LEADERSHIP FIGURE REAL LEADERSHIP FAKE LEADERSHIP THE REAL LEADER
520 _aABOUT LEADERSHIP SEARCHING FOR LEADERSHIP LEADERSHIP VS MANAGEMENT COMMUNICATION AND LEADERSHIP DEVELOMPENT OF A LEADERSHIP FIGURE REAL LEADERSHIP FAKE LEADERSHIP THE REAL LEADER
700 1 _aBaroutas Stavros
_97531
700 1 _aLea
_96740
942 _cBK
999 _c6708
_d6708